Pár slov o moci

Pojem moc a jej zvládnutie. Moc a škandály. Terapia. Pôvodný nositeľ moci. Ilustračné príklady.

Gespeichert in:
Bibliographische Detailangaben
1. Verfasser: Briestenský, Ladislav
Format: Buchkapitel
Sprache:Slowakisch
Schlagworte:
Tags: Tag hinzufügen
Keine Tags, Fügen Sie das erste Tag hinzu!

MARC

LEADER 00000naa a2200000 4500
001 0179166
005 20231208082932.8
041 0 |a slo 
044 |a SK 
245 1 0 |a Pár slov o moci  |c Ladislav Briestenský 
520 |a Pojem moc a jej zvládnutie. Moc a škandály. Terapia. Pôvodný nositeľ moci. Ilustračné príklady. 
610 2 0 |a moc verejná 
610 2 0 |a samospráva 
610 2 0 |a zastupiteľstvá obecné 
100 1 |a Briestenský, Ladislav